000 00544nam a2200193 a 4500
001 1771649783139
003 YourLibrary
005 20260221102927.0
008 260221s1999##################000#0#eng##
020 _a9789764101222
082 0 4 _a336.205
_bALL
100 1 _aAlleyne, Dillon,
_eauthor.
245 1 0 _aTaxation and Equity in Jamaica, 1985-1992 :
260 _bUniversity of the West Indies Press,
_c1999.
300 _a124 pages
650 0 _aBusiness & Economics.
942 _cENGLISH
040 _aYourLibrary
_beng
_cYourLibrary
999 _c614858
_d614858